Handbook to the European rooms in miniature (Record no. 5361)

MARC details
000 -CABECERA
campo de control de longitud fija 00853nam a2200277 a 4500
001 - NÚMERO DE CONTROL
campo de control BRCA_5668
005 - FECHA Y HORA DE LA ÚLTIMA TRANSACCIÓN
campo de control 20190320205156.0
008 - DATOS DE LONGITUD FIJA--INFORMACIÓN GENERAL
campo de control de longitud fija 040211s1943----u--a######---#000-0#eng-#
041 ## - CÓDIGO DE LENGUA
Código de lengua del texto/banda sonora o título independiente eng
044 ## - CÓDIGO DEL PAÍS DE LA ENTIDAD EDITORA/PRODUCTORA
Código MARC del país u
050 #4 - SIGNATURA TOPOGRÁFICA DE LA BIBLIOTECA DEL CONGRESO
Número de clasificación NK2135
Número de documento/Ítem .H36 2
-- 1943
110 2# - ENTRADA PRINCIPAL--NOMBRE DE ENTIDAD CORPORATIVA
Nombre de entidad corporativa o nombre de jurisdicción como elemento de entrada Thorne, James Ward
9 (RLIN) 14405
245 10 - MENCIÓN DE TÍTULO
Título Handbook to the European rooms in miniature
Mención de responsabilidad, etc. by James Ward Thorne ; foreword and text by Meyric R. Rogers, photo by Ralston-Hughes.
250 ## - MENCIÓN DE EDICIÓN
Mención de edición 3
260 ## - PUBLICACIÓN, DISTRIBUCIÓN, ETC.
Lugar de publicación, distribución, etc. Chicago, Illinois
Nombre del editor, distribuidor, etc. Art Institute of Chicago
Fecha de publicación, distribución, etc. c1943
300 ## - DESCRIPCIÓN FÍSICA
Extensión 64 p.
Otras características físicas il., 30 láminas
Dimensiones 19 cm.
500 ## - NOTA GENERAL
Nota general Ejemplar igual a E48
500 ## - NOTA GENERAL
Nota general Ver también U104
500 ## - NOTA GENERAL
Nota general U105
650 14 - PUNTO DE ACCESO ADICIONAL DE MATERIA--TÉRMINO DE MATERIA
Término de materia o nombre geográfico como elemento de entrada Decoración y ornamentación
9 (RLIN) 3592
650 14 - PUNTO DE ACCESO ADICIONAL DE MATERIA--TÉRMINO DE MATERIA
Término de materia o nombre geográfico como elemento de entrada Maquetas
9 (RLIN) 14096
700 1# - PUNTO DE ACCESO ADICIONAL--NOMBRE DE PERSONA
Nombre de persona Rogers, Meyric R.
9 (RLIN) 14097
700 1# - PUNTO DE ACCESO ADICIONAL--NOMBRE DE PERSONA
Nombre de persona Hughes, Ralston
9 (RLIN) 14098
902 ## - CATALOGADOR
Iniciales GFM
942 ## - ELEMENTOS DE PUNTO DE ACCESO ADICIONAL (KOHA)
Fuente del sistema de clasificación o colocación Library of Congress Classification
Tipo de ítem Koha Libros
Holdings
Estado de retiro Estado de pérdida Estado dañado No para préstamo Localización permanente Ubicación/localización actual Fecha de adquisición Número de inventario Total de préstamos Signatura topográfica completa Código de barras Fecha visto por última vez Precio válido a partir de Tipo de ítem Koha
El ejemplar forma parte de la colección y puede ser consultado según las políticas vigentes.       Biblioteca del Museo Franz Mayer (Rogerio Casas-Alatriste) Biblioteca del Museo Franz Mayer (Rogerio Casas-Alatriste) 17/02/2011 U105   NK2135 .H36 2 1943 (U105) 6104 22/03/2019 22/03/2019 Libros